Balkan heritages : negotiating history and culture

Saved in:
Bibliographic Details
Other Authors: Marinov, Tchavdar (Editor), Κουρούκλη, Μαρία (edtf)
Format: Book
Language:English
Published: London : Routledge, 2015.
Series:British School at Athens - Modern Greek and Byzantine studies ; v.1
Subjects:
Tags: Add Tag
No Tags, Be the first to tag this record!

MARC

LEADER 00000cam a2200000 a 4500
001 1/115639
008 180112s2015####enk| ||| |||| ||eng||
020 |a 9781472467249   |q (χαρτόδ.)  
040 |a GR-MyUa  |b gre  |c GR-MyUa  |e AACR2 
041 0 |a eng 
082 7 |a 363.6909496   |2 (23) 
245 0 0 |a Balkan heritages :   |b negotiating history and culture /   |c επιμέλεια: Maria Couroucli και Tchavdar Marinov.  
260 |a London :   |b Routledge,   |c 2015.  
300 |a xiii, 252 σ. ;   |c 24 εκ.  
490 1 |a (British School at Athens - Modern Greek and Byzantine studies   |v  ; vol.1)  
504 |a Περιλαμβάνει βιβλιογραφικές παραπομπές και ευρετήριο.  
650 0 |a Historic preservation  |z Balkan Peninsula. 
650 0 |a Cultural property  |x Protection  |z Balkan Peninsula. 
650 0 |a Architecture  |x Conservation and restoration  |z Balkan Peninsula. 
650 0 |a Cultural landscapes  |x Conservation and restoration  |z Balkan Peninsula. 
651 0 |a Balkan Peninsula  |x Antiquities. 
651 0 |a Balkan Peninsula  |x History. 
651 0 |a Balkan Peninsula  |x Politics and government. 
700 1 |a Marinov, Tchavdar,  |e edt 
700 1 |a Κουρούκλη, Μαρία,  |e edtf 
830 0 |a British School at Athens - Modern Greek and Byzantine studies ;  |v  v.1  
852 |a INST  |b RHODES  |e 20180112  |h 363.6909496 BAL  |p 005400039751  |q 005400039751  |t BK  |y 0 
970 |z 12-01-2018